[Event "GER-ch Seniors"]
[Site "Dresden"]
[Date "2012.08.16"]
[Round "8"]
[White "Geibel, Henning"]
[Black "Paetzold, Horst"]
[Result "0-1"]
[WhiteElo "1523"]
[BlackElo "1867"]
[PlyCount "60"]
[EventDate "2012.08.09"]
[EventType "swiss"]
[EventRounds "9"]
[EventCountry "GER"]
[SourceTitle "EXT 2014"]
[Source "ChessBase"]
[SourceDate "2013.11.20"]
[SourceVersion "1"]
[SourceVersionDate "2013.11.20"]
[SourceQuality "1"]

1. e4 e5 2. Nf3 Nf6 3. Bc4 Be7 4. 0-0 Nc6 5. d3 0-0 6. Nc3 d6 7. h3 Na5 8. Bg5 Nxc4 9. dxc4 h6 10. Be3 b6 11. b4 Bb7 12. Qd3 Nd7 13. b5 a5 14. a4 Rc8 15. Nd5 Nf6 16. Nxf6+ Bxf6 17. Nh2 Kh8 18. Ng4 Bg5 19. g3 f5 20. exf5 e4 21. Qd2 Rxf5 22. Bf4 Bxf4 23. gxf4 Qh4 24. Qe3 Rcf8 25. Qg3 Qe7 26. Ne3 Rxf4 27. Nd5 Bxd5 28. cxd5 Rf3 29. Qh2 Qg5+ 30. Kh1 Qh4 0-1

[Event "GER-ch Seniors"]
[Site "Dresden"]
[Date "2012.08.13"]
[Round "5"]
[White "Paetzold, Horst"]
[Black "Garbe, Eckhard"]
[Result "1/2-1/2"]
[WhiteElo "1867"]
[BlackElo "1713"]
[PlyCount "61"]
[EventDate "2012.08.09"]
[EventType "swiss"]
[EventRounds "9"]
[EventCountry "GER"]
[SourceTitle "EXT 2014"]
[Source "ChessBase"]
[SourceDate "2013.11.20"]
[SourceVersion "1"]
[SourceVersionDate "2013.11.20"]
[SourceQuality "1"]

1. d4 d5 2. c4 Nf6 3. cxd5 Qxd5 4. Nc3 Qd8 5. Bf4 a6 6. Nf3 e6 7. h3 Bd6 8. Bg5 h6 9. Bd2 Nbd7 10. e4 Be7 11. Bc4 b5 12. Bd3 Bb7 13. e5 Nd5 14. Ne4 0-0 15. 0-0 c5 16. dxc5 Nxc5 17. Nxc5 Bxc5 18. Rc1 Rc8 19. Qe2 Qe7 20. Qe4 f5 21. Qe2 g5 22. Nh2 Qf7 23. h4 Qg7 24. hxg5 hxg5 25. Nf3 g4 26. Ng5 Rfe8 27. a3 g3 28. Nh3 gxf2+ 29. Kh2 Bd4 30. Kh1 Rxc1 31. Bxc1 1/2-1/2

[Event "SVR-ch Seniors 35th"]
[Site "Nickenich"]
[Date "2012.04.05"]
[Round "5"]
[White "Ningel, Heinz"]
[Black "Paetzold, Horst"]
[Result "1-0"]
[WhiteElo "1670"]
[BlackElo "1493"]
[PlyCount "51"]
[EventDate "2012.03.30"]
[EventType "swiss"]
[EventRounds "7"]
[EventCountry "GER"]
[SourceTitle "EXT 2013"]
[Source "ChessBase"]
[SourceDate "2012.11.22"]
[SourceVersion "1"]
[SourceVersionDate "2012.11.22"]
[SourceQuality "1"]

1. d4 c5 2. e3 cxd4 3. exd4 d5 4. c3 Nf6 5. f4 e6 6. Bd3 Be7 7. Nf3 0-0 8. Nbd2 Qc7 9. Ne5 Nbd7 10. 0-0 a6 11. Qf3 b5 12. g4 h6 13. Qh3 Bb7 14. Nxd7 Qxd7 15. g5 hxg5 16. fxg5 Ne4 17. Nf3 g6 18. Qh6 Qe8 19. Bxe4 dxe4 20. Ne5 Bd6 21. Bf4 Ra7 22. Rae1 Bd5 23. Re3 Bxe5 24. Bxe5 f6 25. Rxf6 Rh7 26. Rxg6+ 1-0

[Event "SVR-ch Seniors 34th"]
[Site "Reil"]
[Date "2011.04.21"]
[Round "4"]
[White "Paetzold, Horst"]
[Black "Reichert, Helmut"]
[Result "0-1"]
[WhiteElo "1869"]
[BlackElo "1758"]
[PlyCount "44"]
[EventDate "2011.04.15"]
[EventType "swiss"]
[EventRounds "7"]
[EventCountry "GER"]
[SourceTitle "EXT 2013"]
[Source "ChessBase"]
[SourceDate "2012.11.22"]
[SourceVersion "1"]
[SourceVersionDate "2012.11.22"]
[SourceQuality "1"]

1. d4 d5 2. c4 Nf6 3. cxd5 Nxd5 4. e4 Nb6 5. Nf3 Bg4 6. Be2 e6 7. 0-0 N8d7 8. Nc3 Be7 9. Bf4 c6 10. d5 Bxf3 11. Bxf3 e5 12. dxc6 bxc6 13. Bg3 0-0 14. Qc2 Bh4 15. Ne2 c5 16. Rfd1 Bxg3 17. Nxg3 g6 18. Rd6 Qe7 19. Rad1 c4 20. Bg4 Nc5 21. Ne2 Nd3 22. Rc6 Nb4 0-1

[Event "GER-ch Seniors 22nd"]
[Site "Berlin"]
[Date "2010.08.22"]
[Round "7"]
[White "Toth, Hans Juergen"]
[Black "Paetzold, Horst"]
[Result "0-1"]
[WhiteElo "1451"]
[BlackElo "1641"]
[PlyCount "71"]
[EventDate "2010.08.16"]
[EventType "swiss"]
[EventRounds "9"]
[EventCountry "GER"]
[SourceTitle "CBM 138 Extra"]
[Source "ChessBase"]
[SourceDate "2010.10.29"]
[SourceVersion "1"]
[SourceVersionDate "2010.10.29"]
[SourceQuality "1"]

1. f4 d5 2. Nf3 Nf6 3. b3 Bf5 4. e3 e6 5. Bb2 Be7 6. Be2 0-0 7. 0-0 Nbd7 8. Ne5 Bd6 9. d4 Ne4 10. Nd2 Nef6 11. a4 c5 12. Bb5 Rc8 13. Bxd7 Nxd7 14. Ba3 Qe7 15. Nxd7 Qxd7 16. Nf3 Be4 17. Bxc5 Bxc5 18. dxc5 Rxc5 19. Rc1 Rfc8 20. c4 Qc7 21. Nd2 Bd3 22. Rc3 Bxf1 23. Qxf1 dxc4 24. Rxc4 Rxc4 25. Nxc4 a6 26. Kf2 b5 27. axb5 axb5 28. Ne5 Qc2+ 29. Kg3 Qxb3 30. Qf3 Qc3 31. Kh4 f6 32. Ng4 b4 33. Qb7 b3 34. Kh5 Qc2 35. Nh6+ gxh6 36. Kxh6 0-1

[Event "GER-ch Seniors 22nd"]
[Site "Berlin"]
[Date "2010.08.19"]
[Round "4"]
[White "Paetzold, Horst"]
[Black "Minz, Michail"]
[Result "0-1"]
[WhiteElo "1641"]
[BlackElo "1908"]
[PlyCount "76"]
[EventDate "2010.08.16"]
[EventType "swiss"]
[EventRounds "9"]
[EventCountry "GER"]
[SourceTitle "CBM 138 Extra"]
[Source "ChessBase"]
[SourceDate "2010.10.29"]
[SourceVersion "1"]
[SourceVersionDate "2010.10.29"]
[SourceQuality "1"]

1. d4 d5 2. c4 c6 3. cxd5 cxd5 4. Nc3 Nf6 5. Bf4 Qb6 6. Qd2 Nc6 7. e3 a6 8. Nf3 Bf5 9. Be2 e6 10. a3 Na5 11. Na4 Qd8 12. Bd1 Ne4 13. Qe2 b5 14. b4 bxa4 15. Bxa4+ Ke7 16. Ne5 f6 17. Nc6+ Nxc6 18. Bxc6 Ra7 19. Rc1 Kf7 20. Ba4 g5 21. Bg3 Nxg3 22. hxg3 a5 23. b5 Bxa3 24. Rc6 Bb4+ 25. Kf1 Rc7 26. f3 Rxc6 27. bxc6 Qc7 28. g4 Bg6 29. Kf2 Bd6 30. Rc1 h5 31. gxh5 Rxh5 32. Qb5 Rh8 33. Rc3 Rb8 34. Qe2 Bg3+ 35. Kf1 Rb1+ 36. Bd1 Kf8 37. e4 Qh7 38. Qe3 Qh1+ 0-1

[Event "SVR-ch Seniors 33rd"]
[Site "Mendig"]
[Date "2010.04.02"]
[Round "6"]
[White "Karbach, Andreas"]
[Black "Paetzold, Horst"]
[Result "0-1"]
[WhiteElo "1581"]
[BlackElo "1866"]
[PlyCount "74"]
[EventDate "2010.03.26"]
[EventType "swiss"]
[EventRounds "7"]
[EventCountry "GER"]
[SourceTitle "EXT 2011"]
[Source "ChessBase"]
[SourceDate "2010.11.26"]
[SourceVersion "1"]
[SourceVersionDate "2010.11.26"]
[SourceQuality "1"]

1. e4 c5 2. Nf3 Nc6 3. d4 cxd4 4. Nxd4 e6 5. Be3 Nf6 6. Nxc6 bxc6 7. Bd3 Bb7 8. Nd2 Bb4 9. c3 Be7 10. 0-0 0-0 11. f3 d5 12. e5 Nd7 13. f4 f6 14. Qh5 f5 15. Rf3 g6 16. Qh3 c5 17. Bc2 d4 18. cxd4 Bxf3 19. Nxf3 c4 20. Bd2 Nb6 21. b3 Rc8 22. bxc4 Nxc4 23. Bb3 Qd7 24. Be1 Ne3 25. Bh4 Nd5 26. Bxe7 Qxe7 27. g3 Rc3 28. Ng5 Rfc8 29. Qf1 h6 30. Nh3 Kf7 31. Nf2 Qa3 32. Nd3 a5 33. Bxd5 Rxd3 34. Bb3 Rxd4 35. Qf3 Rc1+ 36. Rxc1 Qxc1+ 37. Kg2 Rd2+ 0-1

[Event "SVR-ch Seniors 33rd"]
[Site "Mendig"]
[Date "2010.03.27"]
[Round "2"]
[White "Paetzold, Horst"]
[Black "Wittelsberger, Helmut"]
[Result "0-1"]
[WhiteElo "1866"]
[BlackElo "1954"]
[PlyCount "66"]
[EventDate "2010.03.26"]
[EventType "swiss"]
[EventRounds "7"]
[EventCountry "GER"]
[SourceTitle "EXT 2011"]
[Source "ChessBase"]
[SourceDate "2010.11.26"]
[SourceVersion "1"]
[SourceVersionDate "2010.11.26"]
[SourceQuality "1"]

1. d4 Nf6 2. c4 e5 3. dxe5 Ne4 4. f3 Qh4+ 5. g3 Nxg3 6. hxg3 Qxh1 7. Kf2 d6 8. exd6 Bxd6 9. Bg2 Qh5 10. Nc3 Qc5+ 11. Be3 Bxg3+ 12. Kxg3 Qxe3 13. Nd5 Qe5+ 14. f4 Qd6 15. c5 Qd8 16. Qb3 c6 17. Nc3 Qc7 18. Ne4 0-0 19. Nd6 Nd7 20. Qc3 Nf6 21. e4 b6 22. Rd1 Rb8 23. b4 Be6 24. a4 bxc5 25. f5 cxb4 26. Qc5 Bb3 27. Ra1 Ne8 28. e5 Nxd6 29. exd6 Qb6 30. Qe5 Rfe8 31. Qf4 Qe3+ 32. Qxe3 Rxe3+ 33. Kf4 Rd3 0-1

[Event "Bad Bertrich op 17th"]
[Site "Bad Bertrich"]
[Date "2009.12.11"]
[Round "8"]
[White "Paetzold, Horst"]
[Black "Gerhards, Walter"]
[Result "1-0"]
[WhiteElo "1689"]
[BlackElo "1795"]
[PlyCount "115"]
[EventDate "2009.12.04"]
[EventType "swiss"]
[EventRounds "9"]
[EventCountry "GER"]
[SourceTitle "CBM 134 Extra"]
[Source "ChessBase"]
[SourceDate "2010.03.03"]
[SourceVersion "1"]
[SourceVersionDate "2010.03.03"]
[SourceQuality "1"]

1. d4 d5 2. c4 Nc6 3. cxd5 Qxd5 4. Nf3 e6 5. Nc3 Bb4 6. Bd2 Bxc3 7. Bxc3 Nf6 8. e3 0-0 9. g3 Bd7 10. Bg2 Qh5 11. Ne5 Rad8 12. Qxh5 Nxh5 13. Nxc6 bxc6 14. Rc1 Rb8 15. b3 Rb6 16. Ba5 Ra6 17. Rc5 Nf6 18. f3 Rb8 19. Bf1 Rb5 20. Bxb5 Rxa5 21. Ba4 Rxc5 22. dxc5 Nd5 23. Kd2 Kf8 24. e4 Nb4 25. a3 Na6 26. b4 Ke7 27. Rb1 Be8 28. Kc3 e5 29. f4 f6 30. f5 Kd8 31. g4 Ke7 32. h4 Nb8 33. g5 a6 34. gxf6+ Kxf6 35. Rd1 Ke7 36. Kd3 Kf6 37. Ke3 Ke7 38. Bb3 Nd7 39. Be6 Nb8 40. Rg1 Kf6 41. Kf3 Bh5+ 42. Kg3 Be2 43. Kf2 Bh5 44. Ke3 Be8 45. a4 Bh5 46. Kd3 Bf3 47. Bg8 Nd7 48. Bxh7 a5 49. Rg6+ Kf7 50. Rxc6 axb4 51. Rxc7 Ke8 52. Bg8 Kd8 53. Rc6 Nf6 54. Bd5 b3 55. Rb6 Nd7 56. Rd6 Kc7 57. Rxd7+ Kxd7 58. Kc3 1-0

[Event "Bad Bertrich Seniors op 17th"]
[Site "Bad Bertrich"]
[Date "2009.12.08"]
[Round "5"]
[White "Wolf, Margot"]
[Black "Paetzold, Horst"]
[Result "0-1"]
[WhiteElo "1328"]
[BlackElo "1705"]
[PlyCount "62"]
[EventDate "2009.12.04"]
[EventType "swiss"]
[EventRounds "9"]
[EventCountry "GER"]
[SourceTitle "EXT 2022"]
[Source "ChessBase"]
[SourceDate "2021.10.06"]
[SourceVersion "1"]
[SourceVersionDate "2021.10.06"]
[SourceQuality "1"]

1. d4 c5 2. dxc5 e6 3. Bf4 Qf6 4. Bxb8 Qxb2 5. Nd2 Rxb8 6. Nb3 Qe5 7. Qd4 Qxd4 8. Nxd4 Bxc5 9. e3 Bb4+ 10. Kd1 Bc3 11. Rb1 Bxd4 12. exd4 Nf6 13. c3 Ne4 14. Rb2 Nxc3+ 15. Kc2 Ne4 16. Kc1 b6 17. Bd3 Bb7 18. f3 Rc8+ 19. Kb1 Nf6 20. Ne2 0-0 21. Rc1 Rxc1+ 22. Kxc1 Rc8+ 23. Rc2 Rxc2+ 24. Kxc2 Nd5 25. Kb1 Nb4 26. Bb5 Bc6 27. Bc4 d5 28. Bb3 Bb5 29. Nc1 Nc6 30. a4 Bf1 31. g3 Nxd4 0-1

[Event "Bad Bertrich Seniors op 17th"]
[Site "Bad Bertrich"]
[Date "2009.12.07"]
[Round "4"]
[White "Paetzold, Horst"]
[Black "Gierse, Heinz Dieter"]
[Result "0-1"]
[WhiteElo "1705"]
[BlackElo "2031"]
[PlyCount "78"]
[EventDate "2009.12.04"]
[EventType "swiss"]
[EventRounds "9"]
[EventCountry "GER"]
[SourceTitle "EXT 2022"]
[Source "ChessBase"]
[SourceDate "2021.10.06"]
[SourceVersion "1"]
[SourceVersionDate "2021.10.06"]
[SourceQuality "1"]

1. d4 Nf6 2. c4 g6 3. Nf3 Bg7 4. Nc3 d6 5. Bg5 h6 6. Bh4 0-0 7. e3 c5 8. dxc5 dxc5 9. Qc2 Nc6 10. a3 Nh5 11. Bg3 Bf5 12. Qb3 Nxg3 13. hxg3 b6 14. Rd1 Qc8 15. Be2 Qb7 16. e4 Bd7 17. Nd5 e6 18. Nf4 Rfe8 19. e5 Rad8 20. Nd3 Qc7 21. Qc3 Nd4 22. Nxd4 cxd4 23. Qc1 Ba4 24. Rd2 Bxe5 25. Rxh6 Kg7 26. Rh3 Bc6 27. Bf3 Bxf3 28. gxf3 Rh8 29. Rxh8 Rxh8 30. Ke2 Bf6 31. b4 e5 32. Rc2 Qe7 33. Kd1 Rh1+ 34. Ne1 d3 35. Rd2 Bg5 36. f4 exf4 37. Qc3+ Bf6 38. Qxd3 Qxe1+ 39. Kc2 Qb1# 0-1

[Event "Bad Bertrich Seniors op 17th"]
[Site "Bad Bertrich"]
[Date "2009.12.04"]
[Round "1"]
[White "Kripp, Wolfgang"]
[Black "Paetzold, Horst"]
[Result "1-0"]
[WhiteElo "2012"]
[BlackElo "1705"]
[PlyCount "47"]
[EventDate "2009.12.04"]
[EventType "swiss"]
[EventRounds "9"]
[EventCountry "GER"]
[SourceTitle "EXT 2022"]
[Source "ChessBase"]
[SourceDate "2021.10.06"]
[SourceVersion "1"]
[SourceVersionDate "2021.10.06"]
[SourceQuality "1"]

1. e4 e5 2. d4 exd4 3. c3 dxc3 4. Nxc3 Nc6 5. Nf3 d6 6. Bc4 Nf6 7. e5 dxe5 8. Qxd8+ Nxd8 9. Nb5 Rb8 10. Nxe5 g6 11. Nxc7+ Ke7 12. Be3 Ne4 13. Bxa7 Kf6 14. Ng4+ Kg5 15. Bxb8 Bb4+ 16. Ke2 Nd6 17. Bd3 Nc6 18. a3 Nxb8 19. axb4 Kxg4 20. Nb5 Nf5 21. f3+ Kg5 22. g4 Ne7 23. Nd6 Kf6 24. g5+ 1-0

[Event "GER-ch Seniors-A 20th"]
[Site "Erfurt"]
[Date "2008.08.08"]
[Round "4"]
[White "Schwertel, Johann"]
[Black "Paetzold, Horst"]
[Result "1-0"]
[WhiteElo "1846"]
[BlackElo "1641"]
[PlyCount "83"]
[EventDate "2008.08.05"]
[EventType "swiss"]
[EventRounds "9"]
[EventCountry "GER"]
[SourceTitle "CBM 126 Extra"]
[Source "ChessBase"]
[SourceDate "2008.11.05"]
[SourceVersion "1"]
[SourceVersionDate "2008.11.05"]
[SourceQuality "1"]

1. c4 e5 2. Nc3 f5 3. e4 Nf6 4. Bd3 f4 5. Nd5 Bc5 6. Nf3 d6 7. b4 Nxd5 8. exd5 Bd4 9. Nxd4 exd4 10. Qh5+ Kf8 11. 0-0 Qf6 12. Re1 Bd7 13. Bb2 Na6 14. a3 Re8 15. Rxe8+ Bxe8 16. Qf5 Qxf5 17. Bxf5 Nb8 18. Bxd4 b6 19. Re1 Bg6 20. Be4 Kf7 21. f3 Rf8 22. d3 Nd7 23. Kf2 Ne5 24. Bxe5 dxe5 25. Bxg6+ Kxg6 26. Rxe5 Kf6 27. d4 h6 28. Ke2 Rd8 29. Kd3 a6 30. Ke4 Kg6 31. Re6+ Kf7 32. Ke5 h5 33. h3 Kg8 34. c5 bxc5 35. dxc5 a5 36. b5 Rb8 37. a4 Rd8 38. b6 cxb6 39. Rxb6 Re8+ 40. Re6 Rc8 41. c6 Rc7 42. Kd6 1-0

[Event "SVR-ch Seniors 31th"]
[Site "Idar Oberstein"]
[Date "2008.03.21"]
[Round "6"]
[White "Paetzold, Horst"]
[Black "Michalowski, Richard"]
[Result "0-1"]
[WhiteElo "1772"]
[BlackElo "1878"]
[PlyCount "74"]
[EventDate "2008.03.14"]
[EventType "tourn"]
[EventRounds "7"]
[EventCountry "GER"]
[SourceTitle "EXT 2009"]
[Source "ChessBase"]
[SourceDate "2008.11.26"]
[SourceVersion "1"]
[SourceVersionDate "2008.11.26"]
[SourceQuality "1"]

1. d4 Nf6 2. c4 e6 3. Nf3 b6 4. a3 Bb7 5. Bg5 Be7 6. e3 0-0 7. Bd3 d5 8. Nc3 Nbd7 9. b4 c5 10. dxc5 bxc5 11. b5 Nb6 12. Qe2 h6 13. Bf4 Bd6 14. Bg3 Qc7 15. 0-0 Rfe8 16. Rfd1 Bxg3 17. hxg3 e5 18. Nd2 e4 19. Bc2 Qe5 20. Na4 d4 21. exd4 cxd4 22. Nxb6 axb6 23. Bb3 e3 24. f4 Qc5 25. Nf3 Rad8 26. Ne5 Ne4 27. Qe1 Nf2 28. Nd3 Nxd3 29. Rxd3 Be4 30. Rdd1 d3 31. Qb4 Qd4 32. c5 e2+ 33. Qxd4 exd1Q+ 34. Bxd1 Rxd4 35. c6 Rc4 36. Bf3 Bxf3 37. gxf3 d2 0-1

[Event "SVR-ch Seniors 31th"]
[Site "Idar Oberstein"]
[Date "2008.03.20"]
[Round "4"]
[White "Paetzold, Horst"]
[Black "Kroetz, Hermann Josef"]
[Result "1-0"]
[WhiteElo "1772"]
[BlackElo "1884"]
[PlyCount "87"]
[EventDate "2008.03.14"]
[EventType "tourn"]
[EventRounds "7"]
[EventCountry "GER"]
[SourceTitle "EXT 2009"]
[Source "ChessBase"]
[SourceDate "2008.11.26"]
[SourceVersion "1"]
[SourceVersionDate "2008.11.26"]
[SourceQuality "1"]

1. d4 Nf6 2. c4 e5 3. dxe5 Ng4 4. f4 Bc5 5. Nh3 0-0 6. Qb3 d6 7. e4 dxe5 8. f5 Qd4 9. Qf3 Ne3 10. Bxe3 Qxe3+ 11. Qxe3 Bxe3 12. Nc3 c6 13. Ke2 Bd4 14. Rc1 Nd7 15. Ng5 Nf6 16. Kf3 b6 17. Rc2 Bb7 18. g4 h6 19. Nh3 Rad8 20. Nf2 Bxc3 21. Rxc3 Rd2 22. Rb3 Rfd8 23. Bd3 c5 24. Ke3 Rxf2 25. Kxf2 Nxe4+ 26. Bxe4 Bxe4 27. Re1 Bc2 28. Rc3 Rd2+ 29. Re2 Rxe2+ 30. Kxe2 Bb1 31. a3 Kf8 32. Rc1 Be4 33. Ke3 Bb7 34. h4 Ke7 35. g5 h5 36. Rg1 f6 37. gxf6+ Kxf6 38. Rg5 Bc8 39. Rg6+ Kxf5 40. Rxg7 a6 41. Rg5+ Kf6 42. Rxh5 Be6 43. Rh6+ Kf5 44. Rxe6 1-0

[Event "SVR-ch Seniors 31th"]
[Site "Idar Oberstein"]
[Date "2008.03.16"]
[Round "3"]
[White "Denda, Ronald"]
[Black "Paetzold, Horst"]
[Result "1-0"]
[WhiteElo "2055"]
[BlackElo "1772"]
[PlyCount "53"]
[EventDate "2008.03.14"]
[EventType "tourn"]
[EventRounds "7"]
[EventCountry "GER"]
[SourceTitle "EXT 2009"]
[Source "ChessBase"]
[SourceDate "2008.11.26"]
[SourceVersion "1"]
[SourceVersionDate "2008.11.26"]
[SourceQuality "1"]

1. e4 c5 2. Nf3 Nc6 3. d4 cxd4 4. Nxd4 e6 5. Be3 Nf6 6. Nc3 Bb4 7. Bd3 Bxc3+ 8. bxc3 0-0 9. 0-0 a6 10. f4 Qc7 11. Qf3 Ne7 12. Ne2 d6 13. c4 Bd7 14. e5 dxe5 15. fxe5 Qxe5 16. Bd4 Qh5 17. Bxf6 Qxf3 18. Rxf3 gxf6 19. Rxf6 Bc6 20. Raf1 Ng6 21. Nd4 Ba4 22. Nf3 Rad8 23. h4 Kg7 24. Ng5 Rd7 25. h5 h6 26. Nxe6+ fxe6 27. Rxg6+ 1-0

[Event "RLP-ch Seniors 26th"]
[Site "Ludwigshafen"]
[Date "2007.07.16"]
[Round "2"]
[White "Paetzold, Horst"]
[Black "Schoeler, Klaus"]
[Result "1-0"]
[WhiteElo "1772"]
[BlackElo "1568"]
[PlyCount "99"]
[EventDate "2007.07.15"]
[EventType "swiss"]
[EventRounds "7"]
[EventCountry "GER"]
[SourceTitle "EXT 2009"]
[Source "ChessBase"]
[SourceDate "2008.11.26"]
[SourceVersion "1"]
[SourceVersionDate "2008.11.26"]
[SourceQuality "1"]

1. d4 Nf6 2. c4 d5 3. cxd5 Qxd5 4. Nc3 Qd8 5. Nf3 e6 6. a3 Be7 7. Bf4 c6 8. Qb3 0-0 9. e4 Nbd7 10. Be2 b6 11. 0-0 Bb7 12. e5 Nd5 13. Nxd5 cxd5 14. Nd2 f6 15. exf6 Nxf6 16. Qe3 Ne4 17. f3 Bg5 18. fxe4 Bxf4 19. Rxf4 dxe4 20. Rxf8+ Qxf8 21. Rf1 Qe7 22. Nxe4 h6 23. Nc3 Rd8 24. Bg4 Bc8 25. d5 e5 26. Bxc8 Rxc8 27. Re1 Re8 28. Ne4 Qd7 29. d6 Qb5 30. Qc3 Rf8 31. Nd2 Rf5 32. Qc4+ Qxc4 33. Nxc4 e4 34. Rxe4 Rd5 35. Re7 Kf8 36. Rxa7 b5 37. d7 bxc4 38. Ra8+ Ke7 39. d8Q+ Rxd8 40. Rxd8 Kxd8 41. Kf2 Kd7 42. Ke3 Kc6 43. Kd4 Kb5 44. Kc3 Kc5 45. Z0 g6 46. a4 g5 47. a5 Kb5 48. a6 Kxa6 49. Kxc4 Kb6 50. Kd5 1-0

[Event "Rheinland-ch Seniors 28th"]
[Site "Trier"]
[Date "2005.??.??"]
[Round "6"]
[White "Paetzold, Horst"]
[Black "Baudner, Guntmar"]
[Result "0-1"]
[WhiteElo "1690"]
[BlackElo "1940"]
[PlyCount "166"]
[EventDate "2005.03.??"]
[EventType "tourn"]
[EventRounds "7"]
[EventCountry "GER"]
[SourceTitle "EXT 2009"]
[Source "ChessBase"]
[SourceDate "2008.11.26"]
[SourceVersion "1"]
[SourceVersionDate "2008.11.26"]
[SourceQuality "1"]

1. d4 Nf6 2. c4 g6 3. Nc3 d5 4. cxd5 Nxd5 5. e4 Nxc3 6. bxc3 c5 7. Nf3 Bg7 8. Bc4 0-0 9. 0-0 Qa5 10. Qc2 e6 11. Rb1 a6 12. e5 b5 13. Be2 Bb7 14. Nd2 cxd4 15. cxd4 Rc8 16. Qb2 Qb6 17. a4 Nc6 18. Nf3 b4 19. Be3 Qd8 20. Nd2 a5 21. Nc4 Ba6 22. Nd6 Rcb8 23. Rfc1 Bxe2 24. Qxe2 Ne7 25. Qf3 Nf5 26. Nxf5 exf5 27. Qe2 Qd7 28. Qa2 f4 29. e6 fxe6 30. Bxf4 Rc8 31. Be5 Rc6 32. Bxg7 Kxg7 33. Rxc6 Qxc6 34. Qa1 Qd5 35. Rc1 Rd8 36. Rd1 e5 37. h3 exd4 38. Qc1 Kf6 39. Qf4+ Kg7 40. Re1 Rd7 41. Re8 Rf7 42. Qe5+ Qxe5 43. Rxe5 Rd7 44. Kf1 Ra7 45. Rb5 Kf6 46. Ke2 Re7+ 47. Kd2 Re5 48. Rb6+ Ke7 49. Rb7+ Kd6 50. Rxh7 Kc6 51. Rh6 Re6 52. h4 Kd5 53. h5 gxh5 54. Rxh5+ Kc4 55. Rxa5 Rb6 56. Rb5 Ra6 57. Rb8 Rxa4 58. Rc8+ Kb5 59. g4 Ra2+ 60. Kd3 Rxf2 61. Rb8+ Ka4 62. Ra8+ Kb3 63. g5 Rf4 64. g6 Rg4 65. Rg8 Kb2 66. g7 b3 67. Kd2 Rg3 68. Ke1 Kb1 69. Rb8 Rxg7 70. Rxb3+ Kc2 71. Rb8 Re7+ 72. Kf2 d3 73. Rc8+ Kd2 74. Ra8 Rf7+ 75. Kg2 Ke2 76. Re8+ Kd1 77. Kg3 d2 78. Kg2 Rf5 79. Kg1 Kc2 80. Rc8+ Kd3 81. Rd8+ Ke3 82. Re8+ Kd4 83. Kg2 Rd5 0-1